1924 1340 1828 1461 1879 1989 1571 1481 1388 1596 1289 1646 1177 1975 1549 1066 1950 1754 1982 1613 1830 1024 1534 1498 1897 1882 1326 1559 1649 1938 1715 1670 1410 1442 1637 1252 1656 1868 1781 1112 1459 1863 1521 1290 1955 1368 1230 1333 1461 1032 1830 1565 1561 1675 1799 1018 1781 1043 1302 1471 1560 1927 1877 1432 1035 1435 1748 1351 1433 1650 1813 1488 1550 1895 1864 1109 1204 1215 1295 1417 1110 1196 1853 1167 1573 1516 1486 1979 1536 1889 1239 1824 1032 1524 1686 1659 1794 1655 1402 BCNSPRNW ULIB Ver.6.0+V

เปลี่ยนเป็นภาษาไทย

Change to English
 แสดงรายละเอียดบรรณานุกรม
  กลับหน้าหลัก

Brief Record : Get Marc (ISO 2709) : E-mail record : QR code < ปิดหน้าต่าง
LEADER : 00000nam 2200000uu 4500
001    13399112243
003     ULIB
008    110627s2551||||th 000 0 tha d
020    9789741619177
090    นว.^bม577B 2551
100 0  มิ้นตี้
245 00 Be careful ภารกิจลับทะลวงใจ/^cมิ้นตี้
250    พิมพ์ครั้งที่ 1
260    กรุงเทพฯ :^bแจ่มใส,^c2551
300    201 หน้า
710 1  แจ่มใส
945    ^p149^l0^i024470
995    ทศพร
999 ^a ใช้งานได้ทุกระบบ
รายการนี้ยังไม่มีแท็ก
คุณยังไม่ได้ล็อกอิน คุณสามารถมีกิจกรรมร่วมกับเว็บไซต์ได้ แต่ต้องล็อกอินก่อน ::
  ล็อกอิน

รายการสื่อสารสนเทศ

ลำดับที่ ประเภท เลขเรียก/บาร์โค้ด สถานที่ สถานะ
- ไม่พบข้อมูล -

รายการใกล้เคียง
    ผู้แต่ง [มิ้นตี้]

BibComment


ยังไม่เคยถูกคอมเมนท์

คอมเมนท์ทรัพยากรรายการนี้
  คอมเมนท์: Be careful ภารกิจ..


 Copyright 2026. Bcnsprnw @Library